| 000 | 00376 a2200109 4500 | ||
|---|---|---|---|
| 001 | ART_6609 | ||
| 005 | 20260410161620.0 | ||
| 008 | 260409a | ||
| 245 | 1 | 0 | _aAplicación de normas internacionales de información financiera en Latinoamérica. La experiencia europea |
| 100 | 1 | _aGarcía Fronti, Inés M. | |
| 773 | 0 |
_tEnfoques _g- Nº 8 (ago. 2009) _wREV416 |
|
| 999 |
_c11444 _d11444 |
||